The Dramatic Encounter of Divine and Human Freedom in the Theology of Hans Urs Von Balthasar : (Record no. 604633)

MARC details
000 -LEADER
fixed length control field 00590nam a2200193 a 4500
008 - FIXED-LENGTH DATA ELEMENTS--GENERAL INFORMATION
fixed length control field 251224s2000##################000#0#eng##
020 ## - INTERNATIONAL STANDARD BOOK NUMBER
ISBN 9783906764290
082 04 - DEWEY DECIMAL CLASSIFICATION NUMBER
Classification number 233.7092
Item number DAL
100 1# - MAIN ENTRY--AUTHOR NAME
Personal name Dalzell, Thomas G.,
245 10 - TITLE STATEMENT
Title The Dramatic Encounter of Divine and Human Freedom in the Theology of Hans Urs Von Balthasar :
260 ## - PUBLICATION, DISTRIBUTION, ETC. (IMPRINT)
Name of publisher Peter Lang Publishing,
Year of publication 2000.
300 ## - PHYSICAL DESCRIPTION
Number of Pages 330 pages
650 #0 - SUBJECT ADDED ENTRY--TOPICAL TERM
Topical Term Biography & Autobiography.
942 ## - ADDED ENTRY ELEMENTS (KOHA)
Koha item type English Books
Holdings
Withdrawn status Lost status Damaged status Not for loan Home library Current library Shelving location Date acquired Full call number Accession Number Price effective from Koha item type
        Anna Centenary Library Anna Centenary Library 3RD FLOOR, B WING 26.12.2025 233.7092 DAL 221241 26.12.2025 English Books

Find us on the map